| 000 | 00460nam a2200169Ia 4500 | ||
|---|---|---|---|
| 008 | 210719s2015 xx 000 0 und d | ||
| 041 | _akok | ||
| 082 | _a891.468 DAYV | ||
| 100 | _aDAYAS (Vilfred Honnavar) | ||
| 245 | _aVinchnar sangnyo | ||
| 260 |
_aMangaluru _bKarnataka Konkani Sahitya Akademy. _c2015 |
||
| 300 |
_ax,30 _bPB |
||
| 365 |
_b30 _cRs |
||
| 650 | _aKonkani Miscellaneous | ||
| 650 | _aKonkani Miscellaneous | ||
| 906 | _asangnyo ; Vinchnar | ||
| 999 |
_c215662 _d215662 |
||